| 000 | 00991nam a2200277 c 4500 | ||
|---|---|---|---|
| 003 | BLK | ||
| 005 | 20210617111126.0 | ||
| 008 | 180411b bul|||||r ||||||| ||bul|| | ||
| 010 | _aKNG00175203000 | ||
| 040 | _aBLK | ||
| 041 |
_aBUL _cBUL |
||
| 080 |
_aБългарска литература _b821.163.2 _x-1 _z821.163.2-1 |
||
| 700 | 1 |
_aЖабленски, Асен _eсъстав. и ред. _967792 |
|
| 139 |
_aЖабленски, Асен _bЖ 12 |
||
| 245 | 1 | 0 |
_aВъзрожденски и революционни песни _bСб. текстове _cсъстав. и ред. Асен Жабленски. |
| 257 | _aBGR | ||
| 260 |
_аСофия _bНаука и изкуство _c1968 |
||
| 300 |
_a115 с. _c18 см |
||
| 380 | _aX | ||
| 500 | _aАвт. не е означен на кор. - 1090 тир. | ||
| 852 | _aЦб І 10651 | ||
| 856 | 4 |
_qpdf _u |
|
| 856 | 4 |
_qpdf _u |
|
| 942 |
_cKNG _n0 _01 |
||
| 944 |
_aCR _c14.05.2015 _kМилена_Ачева |
||
| 944 |
_aED _c17.10.2016 _kКети_Илиева |
||
| 999 |
_c167401 _d167401 |
||